LIBRARY & INFORMATION CENTRE, KCAET, TAVANUR

ONLINE PUBLIC ACCESS CATALOGUE (OPAC)

Nature, properties and management of saline and alkali soils (Record no. 13987)

MARC details
000 -LEADER
fixed length control field 00327nam a22001217a 4500
020 ## - INTERNATIONAL STANDARD BOOK NUMBER
ISBN 9788183211772
082 ## - DEWEY DECIMAL CLASSIFICATION NUMBER
Classification number 631.4
Item number MAL/NA
100 ## - MAIN ENTRY--AUTHOR NAME
Personal name Maliwal, G.L
245 ## - TITLE STATEMENT
Title Nature, properties and management of saline and alkali soils
260 ## - PUBLICATION, DISTRIBUTION, ETC. (IMPRINT)
Place of publication Udaipur
Name of publisher Agrotech Publishing academy
Year of publication 2010
700 ## - ADDED ENTRY--PERSONAL NAME
Personal name Somani, L.L
942 ## - ADDED ENTRY ELEMENTS (KOHA)
Koha item type Books
Holdings
Withdrawn status Lost status Damaged status Collection code Home library Current library Shelving location Date acquired Source of acquisition Cost, normal purchase price Full call number Accession Number Koha item type
      Non-fiction KAUAET KAUAET General Stacks 30/03/2013 Neoti Book Agency 1500.00 631.4 MAL/NA 23845 Books
free website counter